00603nam a2200169Ia 4500008004100000041000800041082001600049100001700065245005800082260003000140300000800170365001600178700001700194906003400211999001900245952016900264230718s9999 xx 000 0 und d aeng a004.16bVAL aValvono J.W. aEmbedded Microcomputer SystemsbReal Time interfacing c2002bThomson Publication a839 cRs.b409.00 aValvono J.W. dB:323914-Jan-2004cCOMPb81.8 c306661d306661 00104070aCCEPbCCEPd2004-02-12eTechnical Book ServicesfCOMPg327.20i3239l0o004.16pCCEP-BK-17868r2023-07-18 00:00:00t81.8v409.00w2004-01-14yBKz017868